| 000 | 01217nam a2200241Ia 4500 | ||
|---|---|---|---|
| 003 | GCL | ||
| 008 | 140319s9999 xx 000 0 ara d | ||
| 040 |
_aGCL / _cGCL |
||
| 082 | 0 | 4 |
_aق _b070.5722 _bم أ |
| 245 | 1 | 0 | _aالاهرام فى 130 سنة |
| 260 |
_aالقاهرة : _bمركز الاهرام للتنظيم وتكنولوجيا المعلومات |
||
| 300 |
_a169 ص ؛ _c32 سم |
||
| 650 | 0 | 4 | _aالصحافة - الجوانب السياسية |
| 650 | 0 | 4 | _aالاهرام، مقالات |
| 650 | 0 | 4 | _aمصر - تاريخ - العصر الحديث - حسنى مبارك ( 1981 - ) |
| 650 | 0 | 4 | _aمصر - تاريخ - العصر الحديث - الخديوى توفيق ( 1879-1892 م ) |
| 650 | 0 | 4 | _aمصر - تاريخ - العصر الحديث - انور السادات (1971 - 1981) |
| 650 | 0 | 4 | _aمصر - تاريخ - العصر الحديث - الملك فاروق ( 1936-1952 م ) |
| 650 | 0 | 4 | _aمصر - تاريخ - العصر الحديث - عصر اسماعيل ( 1863-1879 م ) |
| 650 | 0 | 4 | _aمصر - تاريخ - العصر الحديث - محمد نجيب(1952-1954) |
| 650 | 0 | 4 | _aمصر - تاريخ - العصر الحديث - احمد فؤاد (1917-1922) |
| 942 |
_2ddc _cBK |
||
| 999 |
_c9325 _d9325 |
||